Is it Round? - Statistics

General Stats
  • This quiz has been taken 134 times
  • The average score is 24 of 30
Answer Stats
Hint Answer % Correct
A circle O
100%
A square X
100%
An orb O
99%
Buddha’s belly O
96%
Vinyl record O
95%
Pyramids of Giza X
93%
SpongeBob’s pants X
92%
King Arthur’s table O
90%
A rapier X
88%
Earth O
87%
A rhombus X
87%
The Equator O
85%
France’s contiguous “shape” X
83%
British phonebooth X
83%
Honeycombs X
81%
Zero O
79%
Flo Rida song: Right _____ O
76%
Scared armadillo O
75%
Big Ben’s face O
75%
Headquarters of the US Department of Defense X
72%
Italy’s boot X
72%
Dead or Alive Song: You Spin me Right _____ O
71%
Brave Starfish X
71%
Adele song: Rolling in the ____ X
70%
Parliamentarian soldier’s head in the English Civil War O
68%
L7 X
67%
Cross section of ice cream cone O
66%
Sheet lightning X
65%
Gwen Stefani song: ____ Girl X
56%
Tower of Pisa O
42%
No matching quizzes found
Score Distribution
Percent of People with Each Score
Percentile by Number Answered
Your Score History
You have not taken this quiz